000 00474nam a22001817a 4500
999 _c3357
_d3314
008 190502b ||||| |||| 00| j eng d
020 _a9753635168
041 _atur
050 _aPL248.T849
100 _91323
_aTunç, Ayfer
245 _aMaǧara Arkadaşları : Öykü
250 _a1.Baskı
260 _aİstanbul:
_bYapı Kredi Yayınları
_cHaziran 1996
300 _a159 Sayfa
500 _aEdebiyat - 143
650 0 _9145
_aTürk Edebiyatı
942 _2lcc
_cBK